|
|
|
|
| LEADER |
00000nam a2200000 a 4500 |
| 001 |
vtls010312744 |
| 003 |
SK-MaSNL |
| 005 |
20260301032050.0 |
| 008 |
110922s2009 xn o e n 001 0deng |
| 020 |
|
|
|a 9789989489679 (brož.)
|
| 040 |
|
|
|a SNK
|b slo
|c SNK
|e AACR2
|
| 041 |
1 |
|
|a eng
|h mac
|
| 043 |
|
|
|a e-gr---
|a e-xn---
|
| 044 |
|
|
|a xn
|c MK
|
| 072 |
|
7 |
|a 327
|x Medzinárodné vzťahy, svetová politika
|2 konspekt
|
| 072 |
|
7 |
|a 323
|x Vnútropolitický vývoj, politický život
|2 konspekt
|
| 080 |
|
|
|a (495)
|2 2001
|
| 080 |
|
|
|a (497.7)
|2 2001
|
| 080 |
|
|
|a 327
|2 2001
|
| 080 |
|
|
|a 323.1
|2 2001
|
| 080 |
|
|
|a (082)
|2 2001
|
| 080 |
|
|
|a (048.8)
|2 2001
|
| 245 |
0 |
4 |
|a The name issue: Greece and Macedonia
|c editors Svetomir Skaric, Dimitar Apasiev, Vladimir Patchev ; [translated from Macedonian by Katarina Gjurchevska ... [et al.]]
|
| 260 |
|
|
|a Skopje
|b Matica makedonska
|c 2009
|
| 300 |
|
|
|a 782 s.
|b fotogr.
|c 21 cm
|
| 500 |
|
|
|a Biogr. údaje
|
| 504 |
|
|
|a Bibliogr. odkazy ; pozn. ; reg. ; skrat.
|
| 648 |
|
7 |
|a 1900-2009
|2 SNKPH
|9 328696
|
| 648 |
|
7 |
|a 20.-21. stor.
|2 SNKPH
|9 270701
|
| 648 |
|
7 |
|a 20th-21st centuries
|2 SNKPHeng
|9 285312
|
| 650 |
0 |
7 |
|a zahraničné vzťahy
|2 SNK
|9 3832
|
| 651 |
|
7 |
|a Grécko
|2 SNKPH
|9 16240
|
| 651 |
|
7 |
|a Severné Macedónsko
|2 SNKPH
|9 18980
|
| 651 |
|
7 |
|a Greece
|2 SNKPHeng
|9 328697
|
| 651 |
|
7 |
|a Macedonia
|2 SNKPHeng
|9 300824
|
| 655 |
|
7 |
|a štúdie
|2 SNKPH
|9 57033
|
| 655 |
|
7 |
|a Studies
|2 SNKPHeng
|9 265573
|
| 655 |
|
7 |
|a Papers of several authors
|2 SNKPHeng
|9 153738
|
| 655 |
|
7 |
|a zborníky
|2 SNKPH
|9 70165
|
| 700 |
1 |
|
|a Skaric, Svetomir
|4 edt
|9 328698
|
| 700 |
1 |
|
|a Apasiev, Dimitar
|4 edt
|9 328699
|
| 700 |
1 |
|
|a Patchev, Vladimir
|4 edt
|9 328700
|
| 919 |
|
|
|a 978-9989-48-967-9
|
| 999 |
|
|
|c 577763
|d 579693
|
| 952 |
|
|
|a SNK
|b SNK
|y VYP
|7 0
|p 17A0720621
|o snkIC 139102
|i snk2011/21126
|8 2
|g 15.60
|0 0
|1 0
|4 0
|d 2011-09-22
|l 0
|r 2026-02-23 14:39:08
|w 2026-02-23
|